|
|
|
|
| LEADER |
00584cam a2200193 a 4500 |
| 001 |
0000135543 |
| 005 |
20130109090000.0 |
| 040 |
|
|
|a mod
|
| 041 |
|
|
|a eng
|
| 020 |
0 |
0 |
|a 9780813343631
|
| 090 |
0 |
0 |
|a 959.6
|b CHA
|e 2008
|
| 100 |
1 |
0 |
|a Chandler, David P. (David Porter), 1933-
|
| 245 |
1 |
1 |
|a A history of Combodia
|
| 250 |
0 |
0 |
|a 4th ed.
|
| 260 |
0 |
0 |
|a Boulder, Colo
|b Westview Press
|c 2008
|
| 300 |
0 |
0 |
|a xiv, 365p.
|b ill.maps
|c 23 cm
|
| 500 |
0 |
0 |
|a Includes bibliographical references (p. 339-349) and index
|
| 650 |
0 |
0 |
|a Cambodia
|x History
|
| 999 |
|
|
|a 0000011297
|b MTAT
|d BOOKS
|e Umum
|f MTAT
|j AVAILABLE
|q GOOD CONDITION
|